000 00985cab a2200349 4500
001 ABS56731
008 090401t1997 xxu||||| |||| 00| 0 eng d
035 _a(Sirsi) u77239
041 _aeng
100 _aSims, B.
245 _aCan you dig IT?
260 _c1997
350 _a0
490 _aBuilding Services Journal
_vMarch 1997, 25-33(9)
520 _aLooks at the future trends in information technology and the impact of IT on buildings, the workforce and building services.
650 _aBRICC
650 _aBlock management
_96220
650 _aCORDLESS OFFICE
650 _aFLAT SCREEN DISPLAYS
650 _aMOBILE COMMUNICATIONS
650 _aMORGAN LOVELL
650 _aOFFICE BUILDINGS
650 _aSPACE
650 _aTRENDS
650 _aVIRTUAL REALITY
650 _aWORKFORCE
690 _aMANAGEMENT-BUSINESS MANAGEMENT-INFORMATION MANAGEMENT
700 _aBunn, R.
700 _aSouthwood, B.
942 _n0
948 _c20/03/1997
999 _c48558
_d48558